Southville International School and Colleges
Your cart is empty.
  • Cart
  • Lists
    Public lists Eva Luna New books Lux_list list_1
    Your lists Log in to create your own lists
  • Log in to your account
  • Your cookies
  • Search history
Southville International School and Colleges
  • Advanced search
  • Recent comments
  • Most popular
  • Libraries

Log in to your account

Log in with GOOGLE


If you do not have an external account, but do have a local account, you can still log in:

  1. Home
  2. MARC view: The first world war :
Normal view MARC view ISBD view

The first world war : (Record no. 2353)

[ view plain ]
MARC details
000 -LEADER
fixed length control field 00892pam a2200289 a 4500
001 - CONTROL NUMBER
control field 653354
003 - CONTROL NUMBER IDENTIFIER
control field OSt
005 - DATE AND TIME OF LATEST TRANSACTION
control field 20151014151635.0
008 - FIXED-LENGTH DATA ELEMENTS--GENERAL INFORMATION
fixed length control field 940615s1994 nyuaf b 001 0 eng
010 ## - LIBRARY OF CONGRESS CONTROL NUMBER
LC control number 94027268
020 ## - INTERNATIONAL STANDARD BOOK NUMBER
International Standard Book Number 0805076174
040 ## - CATALOGING SOURCE
Original cataloging agency DLC
Transcribing agency DLC
Modifying agency DLC
050 00 - LIBRARY OF CONGRESS CALL NUMBER
Classification number D 521
Item number .G57 1994
082 00 - DEWEY DECIMAL CLASSIFICATION NUMBER
Classification number IB 940.3
Item number G37 1994
100 1# - MAIN ENTRY--PERSONAL NAME
Personal name Gilbert, Martin.
Dates associated with a name 1936-
245 14 - TITLE STATEMENT
Title The first world war :
Remainder of title a complete history /
Statement of responsibility, etc Martin Gilbert.
250 ## - EDITION STATEMENT
Edition statement 1st American ed.
260 ## - PUBLICATION, DISTRIBUTION, ETC. (IMPRINT)
Place of publication, distribution, etc New York :
Name of publisher, distributor, etc H. Holt,
Date of publication, distribution, etc 1994.
300 ## - PHYSICAL DESCRIPTION
Extent xxiv, 615 p., [40] p. of plates :
Other physical details ill. ;
Dimensions 25 cm.
650 #0 - SUBJECT ADDED ENTRY--TOPICAL TERM
Topical term or geographic name as entry element World War, 1914-1918.
906 ## - LOCAL DATA ELEMENT F, LDF (RLIN)
a 7
b cbc
c orignew
d 1
e ocip
f 19
g y-gencatlg
942 ## - ADDED ENTRY ELEMENTS (KOHA)
Source of classification or shelving scheme Library of Congress Classification
Koha item type Books
Holdings
Withdrawn status Lost status Source of classification or shelving scheme Damaged status Home library Current library Shelving location Date acquired Total Checkouts Total Renewals Full call number Barcode Date last seen Date checked out Copy number Price effective from Koha item type
    Library of Congress Classification   Luxembourg Library Luxembourg Library International Baccalaureate Section 06/25/2013 2 2 D 521 .G57 1994 14544 12/09/2015 09/01/2015 1 06/25/2013 Books
    Library of Congress Classification   Luxembourg Library Luxembourg Library International Baccalaureate Section 06/25/2013     D 521 .G57 1994 14543 05/25/2015   2 06/25/2013 Books
    Library of Congress Classification   Luxembourg Library Luxembourg Library International Baccalaureate Section 12/04/2013     D 521 .G57 1994 14542 12/04/2013   3 12/04/2013 Books

The first world war :

APA

Gilbert M., . (1994). The first world war. New York: H. Holt.

Chicago

Gilbert Martin, . 1994. The first world war. New York: H. Holt.

Harvard

Gilbert M., . (1994). The first world war. New York: H. Holt.

MLA

Gilbert Martin, . The first world war. New York: H. Holt. 1994.

  • Place hold
  • Print
  • Cite
  • Add to your cart (remove)
  • Save record
    BIBTEX Dublin Core MARCXML MARC (non-Unicode/MARC-8) MARC (Unicode/UTF-8) MARC (Unicode/UTF-8, Standard) MODS (XML) RIS
  • More searches
    Search for this title in:
    Other Libraries (WorldCat) Other Databases (Google Scholar) Online Stores (Bookfinder.com) Open Library (openlibrary.org)

Exporting to Dublin Core...

SOUTHVILLE LIBRARY

Southville International School and Colleges Library

1281 Tropical Ave. Cor. Luxembourg St., BF Homes International, Las Pinas City

Tel. No. 8256374 / 252358 Loc. 117/146

Powered by Koha